|
|
|
|
| LEADER |
00000cam a2200000 7i4500 |
| 001 |
0000092231 |
| 005 |
20230827160541.0 |
| 008 |
|
| 020 |
|
|
|a 9789674616359 (
|q (paperback))
|
| 040 |
|
|
|e rda
|
| 041 |
|
|
|a Malay
|
| 090 |
0 |
0 |
|a 899.2313
|b MUH
|
| 100 |
1 |
|
|a Muhammad Haji Salleh ,
|e (author)
|
| 245 |
1 |
0 |
|a Seratus pulau di muara
|c Muhammad Haji Salleh
|
| 264 |
|
1 |
|a Pulau Pinang, Malaysia :
|b Universiti Sains Malaysia
|c 2023
|
| 300 |
|
|
|a 237 pages :
|b color illustrations ;
|c 22.9 cm.
|
| 336 |
|
|
|a text
|2 rdacontent
|
| 337 |
|
|
|a unmediated
|2 rdamedia
|
| 338 |
|
|
|a volume
|2 rdacarrier
|
| 490 |
1 |
|
|a Graphic library
|
| 541 |
|
|
|c Purchased on 2023
|f 320801 NPV
|h RM55.00
|
| 650 |
|
0 |
|a Government publications
|z Malaysia
|
| 650 |
|
0 |
|a Malay poetry
|
| 650 |
|
0 |
|a Poetry
|
| 730 |
0 |
|
|a Title
|
| 999 |
|
|
|a 0001733767
|b Book
|c Adult Collection
|e Perbadanan Perpustakaan Awam Johor
|
| 999 |
|
|
|a 0001733768
|b Book
|c Adult Collection
|e Cawangan Urban Transformation Centre
|
| 999 |
|
|
|a 0001733769
|b Book
|c Adult Collection
|e Cawangan AEON Kulaijaya
|
| 999 |
|
|
|a 0001733770
|b Book
|c Adult Collection
|e Cawangan Batu Pahat
|
| 999 |
|
|
|a 0001733771
|b Book
|c Adult Collection
|e Cawangan Muar
|
| 999 |
|
|
|a 0001733772
|b Book
|c Adult Collection
|e Cawangan Pontian
|
| 999 |
|
|
|a 0001733773
|b Book
|c Adult Collection
|e Cawangan Tmn. Ungku Tun Aminah
|
| 999 |
|
|
|a 0001733774
|b Book
|c Adult Collection
|e Cawangan Mersing
|
| 999 |
|
|
|a 0001733775
|b Book
|c Adult Collection
|e Cawangan Segamat
|
| 999 |
|
|
|a 0001733776
|b Book
|c Adult Collection
|e Perbadanan Perpustakaan Awam Johor
|
| 999 |
|
|
|a 0001733777
|b Book
|c Adult Collection
|e Cawangan Bandar Penawar
|
| 999 |
|
|
|a 0001733778
|b Book
|c Adult Collection
|e Cawangan Taman Sri Lambak
|
| 999 |
|
|
|a 0001733779
|b Book
|c Adult Collection
|e Cawangan Bandar Tenggara
|
| 999 |
|
|
|a 0001733780
|b Book
|c Adult Collection
|e Cawangan Kota Tinggi
|
| 999 |
|
|
|a 0001733781
|b Book
|c Adult Collection
|e Cawangan Bukit Gambir
|
| 999 |
|
|
|a 0001733782
|b Book
|c Adult Collection
|e Cawangan Tangkak
|